000 00655nam a2200253Ia 4500
008 171120s9999 xx 000 0 und d
020 _a9710843575
050 _a499.21
050 _bE586 1986
100 _aEnglish, Leo James
245 _aTagalog-English dictionary /
245 _cby Leo James English.
260 _aPhilippine :
260 _bCacho Hermanos, Inc.,
260 _c1986
300 _a1583 pages :
300 _billustrations ;
300 _c21cm.
650 _aEnglish language --
650 _aFilipino language --
650 _xDictionaries -- English.
650 _xDictionaries -- Filipino.
700 _aTitle.
999 _c345139
_d345139